Tuyển tập 15 năm tạp chí văn học và tuổi trẻ. t.II, Chân dung văn học.
Сохранить в:
| Формат: | Sách giấy |
|---|---|
| Язык: | Vietnamese |
| Опубликовано: |
H. :
Giáo dục,
2008.
|
| Предметы: | |
| Метки: |
Добавить метку
Нет меток, Требуется 1-ая метка записи!
|
| Thư viện lưu trữ: | Thư viện Trường Đại học Đà Lạt |
|---|
| LEADER | 00771nam a2200313 4500 | ||
|---|---|---|---|
| 001 | DLU090065767 | ||
| 005 | ##20090424 | ||
| 040 | # | # | |a DLU |b vie |
| 041 | # | # | |a vie |
| 044 | # | # | |a vn |
| 082 | # | # | |a 895.922 809 |b Tuy |
| 245 | # | # | |a Tuyển tập 15 năm tạp chí văn học và tuổi trẻ. |n t.II, |p Chân dung văn học. |
| 260 | # | # | |a H. : |b Giáo dục, |c 2008. |
| 300 | # | # | |a 307 tr. ; |c 24 cm. |
| 653 | # | # | |a Bình luận văn học |
| 653 | # | # | |a Cảm thụ văn học |
| 653 | # | # | |a Văn học Việt Nam |
| 923 | # | # | |a 24/2008 |
| 990 | # | # | |a t.I |
| 991 | # | # | |a SH |
| 992 | # | # | |a 48000 |
| 994 | # | # | |a DLU |
| 900 | # | # | |a True |
| 911 | # | # | |a Đào Thị Thu Huyền |
| 925 | # | # | |a G |
| 926 | # | # | |a A |
| 927 | # | # | |a SH |
| 980 | # | # | |a Thư viện Trường Đại học Đà Lạt |